| Tag |
First Indicator |
Second Indicator |
Subfields |
| LEADER |
00000cam a2200000Ia 4500 |
| 001 |
in00002781548 |
| 006 |
m d |
| 007 |
cr cn||||||||| |
| 008 |
120418t20122013pau ob 001 0 eng d |
| 005 |
20250816222650.0 |
| 010 |
|
|
|z 2012009917
|
| 020 |
|
|
|z 9781466620292 (hardcover)
|
| 020 |
|
|
|z 9781466620308 (ebook)
|
| 020 |
|
|
|z 9781466620315 (print & perpetual access)
|
| 035 |
|
|
|a (CaPaEBR)ebr10582937
|
| 040 |
|
|
|a CaPaEBR
|c CaPaEBR
|d UtOrBLW
|
| 050 |
1 |
4 |
|a TA654.9
|b .D47 2012eb
|
| 082 |
0 |
4 |
|a 624
|2 23
|
| 245 |
0 |
0 |
|a Design optimization of active and passive structural control systems /
|c Nikos D. Lagaros, Vagelis Plevris, and Chara Ch. Mitropoulou, editors.
|
| 264 |
|
1 |
|a Hershey, PA :
|b Information Science Reference,
|c 2012
|
| 264 |
|
4 |
|c ©2013
|
| 300 |
|
|
|a 1 online resource (xvii, 396 pages)
|
| 336 |
|
|
|a text
|b txt
|2 rdacontent
|
| 337 |
|
|
|a computer
|b c
|2 rdamedia
|
| 338 |
|
|
|a online resource
|b cr
|2 rdacarrier
|
| 504 |
|
|
|a Includes bibliographical references and index.
|
| 500 |
|
|
|a Electronic resource.
|
| 650 |
|
0 |
|a Structural control (Engineering)
|
| 650 |
|
0 |
|a Structural optimization.
|
| 655 |
|
7 |
|a Electronic books.
|2 local
|
| 700 |
1 |
|
|a Lagaros, Nikos D.,
|d 1970-
|
| 700 |
1 |
|
|a Plevris, Vagelis,
|d 1976-
|
| 700 |
1 |
|
|a Mitropoulou, Chara Ch.,
|d 1983-
|
| 710 |
2 |
|
|a ebrary, Inc.
|
| 856 |
4 |
0 |
|u https://ebookcentral.proquest.com/lib/tamucs/detail.action?docID=3312190
|y Connect to the full text of this electronic book
|t 0
|
| 980 |
|
|
|a 120821
|b 180
|c USD
|e 270
|f YBP_EBR0000040734
|g 1
|
| 999 |
f |
f |
|s ce49d92e-7057-36c8-b330-9eba6e44f8ec
|i 1734528f-6288-33e4-92fb-9d3e12b55949
|t 0
|
| 999 |
|
|
|a MARS
|
| 952 |
f |
f |
|a Texas A&M University
|b College Station
|c Electronic Resources
|d Available Online
|t 0
|e TA654.9 .D47 2012eb
|h Library of Congress classification
|
| 998 |
f |
f |
|a TA654.9 .D47 2012eb
|t 0
|l Available Online
|